Hoá dược và kỹ thuật tổng hợp. t.I /
Gespeichert in:
| 1. Verfasser: | |
|---|---|
| Format: | Sách giấy |
| Sprache: | Vietnamese |
| Veröffentlicht: |
H. :
Khoa học và Kỹ thuật,
2006.
|
| Schlagworte: | |
| Tags: |
Tag hinzufügen
Keine Tags, Fügen Sie den ersten Tag hinzu!
|
| Thư viện lưu trữ: | Thư viện Trường Đại học Đà Lạt |
|---|
| LEADER | 00852nam a2200337 4500 | ||
|---|---|---|---|
| 001 | DLU110122100 | ||
| 005 | ##20110531 | ||
| 040 | # | # | |a DLU |b vie |
| 041 | # | # | |a vie |
| 044 | # | # | |a vn |
| 082 | # | # | |a 615.19 |b PH-C |
| 100 | # | # | |a Phan Đình Châu, |c PGS.TSKH. |
| 245 | # | # | |a Hoá dược và kỹ thuật tổng hợp. |n t.I / |c Phan Đình Châu. |
| 260 | # | # | |a H. : |b Khoa học và Kỹ thuật, |c 2006. |
| 300 | # | # | |a 296 tr. : |b minh hoạ ; |c 27 cm. |
| 504 | # | # | |a Tài liệu tham khảo: tr.290. |
| 653 | # | # | |a Công nghiệp dược |
| 653 | # | # | |a Giáo trình |
| 653 | # | # | |a Hoá dược |
| 923 | # | # | |a 01/2011SH |
| 990 | # | # | |a t.I |
| 991 | # | # | |a GT |
| 992 | # | # | |a 58000 |
| 994 | # | # | |a KSH |
| 900 | # | # | |a True |
| 911 | # | # | |a Đào Thị Thu Huyền |
| 925 | # | # | |a G |
| 926 | # | # | |a A |
| 927 | # | # | |a SH |
| 980 | # | # | |a Thư viện Trường Đại học Đà Lạt |